| 000 | 00659nam a2200217 a 4500 | ||
|---|---|---|---|
| 005 | 20220611063658.0 | ||
| 008 | 991125s1993 mx 000 0 spa u | ||
| 020 | _a9706072047 | ||
| 035 | _aUPN01000013355 | ||
| 049 | _aLT | ||
| 050 | 4 |
_aLB1576 M6.1 _bD8.3 1993 |
|
| 100 | 1 | _aDurán, Carmen | |
| 245 | 1 | 0 |
_aDaylight one : _bstudent`s book / _cCarmen Durán, Alma Ortiz |
| 260 |
_aMéxico : _bLarousse, _c1993 |
||
| 300 |
_a119 p. : _bil. col. |
||
| 650 | 4 |
_aINGLES- _xESTUDIO Y ENSEÑANZA - _xESTUDIANTES ESPAÑOLES |
|
| 650 | 4 |
_aInglés _xEstudio y enseñanza (Elemental) _95087 |
|
| 700 | 2 |
_aOrtiz Alma, _ecoaut. |
|
| 904 |
_aAC _b013356 |
||
| 905 | _aLibro | ||
| 999 |
_c13355 _d13355 |
||